000 00983nam a22001935i 4500
001 158652
003 ES-MaACL
005 20230906211245.0
008 990316s1892 po |||| | por d
040 _aCCPB | B
_bspa
_cCCPB | B
100 0 _aManuel
_b
_cRey de Portugal.
_9129429
245 1 0 _aCarta de el-Rei D. Manuel ao Rei Catholico narrando-lhe as viagens portuguezas á India desde 1500 até 1505
_b: reimpressa sobre o prototypo romano de 1505 /
_cvertida en lingagem e annotada por Prospero Peragallo; seguem em appendice a Relação analoga de Lunardo Cha Masser e dois documentos de Cantino e Pasqualigo.
260 _aLisboa :
_b[s.n.],
_c1892 (
_fTypographia da Academia Real das Sciencias)
300 _a104 p. ;
_c30 cm.
651 4 _aIndia-
_xDescubrimientos y exploraciones-
_zPortugal-
_y1500-1505.
_9137217
700 1 _aPeragallo, Prospero.
_9130979
752 _aPortugal -
_dLisboa
852 _aES-MaACL
_jT-652-F-5
_z-- Enc. hol. conservando la cub. original
999 _c158652
_d158652